000 00679nam a2200241Ia 4500
003 OSt
005 20220927105237.0
006 a|||||r|||| 00| 0
007 ta
008 220926b |||||||| |||| 00| 0 eng d
024 _a159491
037 _cReference Collections
040 _aRTL
_cRTL
_beng
041 _2eng
_aeng
082 _a"X71.2.N96, N6"
110 _aINDIA (Government of-)
245 0 _aBudget at a glance 1996-97. Govt of India
260 _aIndia
_bMinistry of Finance
_c1996
300 _a259p
_ccm.
700 _aINDIA (Government of-)
942 _h"X71.2.N96, N6"
_cCC
999 _c691465
_d691465